000 00357nam a2200097Ia 4500
082 _a320.968 PLAA
245 0 _aProtecting the inheritance : governance & public accountability in democratic South Africa
100 _a Plaatjies, Daniel Sunnyside, Auckland Park, South Africa, 2013
_934144
942 _cBK
008 210817s9999 xx 000 0 und d
999 _c123993
_d123992